000
00236nam a2200109Ia 4500
008
220204s9999 xx 000 0 und d
082
_a
82-3
_b
FOX
100
_a
Fox, George
245
0
_a
Amok
260
_a
London
_b
Pan
_c
1978
942
_c
BK
999
_c
33927
_d
33927